[Event "Holguin Oriental zt"]
[Site "Holguin"]
[Date "2018.11.26"]
[Round "9"]
[White "Mastrapa Gonzalez, Roger Sandro"]
[Black "Diaz Perez, Michel Alejandro"]
[Result "0-1"]
[WhiteElo "2170"]
[BlackElo "2433"]
[PlyCount "126"]
[EventDate "2018.11.19"]
[EventType "tourn"]
[EventRounds "11"]
[EventCountry "CUB"]
[EventCategory "4"]
[SourceTitle "EXT 2021"]
[Source "ChessBase"]
[SourceDate "2020.10.23"]
[SourceVersion "1"]
[SourceVersionDate "2020.10.23"]
[SourceQuality "1"]

1. d4 Nf6 2. c4 e6 3. Nc3 Bb4 4. e3 b6 5. Nge2 c5 6. a3 Ba5 7. Rb1 Na6 8. g3 Bb7 9. d5 b5 10. Bg2 bxc4 11. e4 exd5 12. exd5 0-0 13. 0-0 d6 14. Bf4 Nc7 15. Qa4 Bxc3 16. Nxc3 Ncxd5 17. Nxd5 Bxd5 18. Rbd1 Bxg2 19. Rxd6 Qe8 20. Qxe8 Nxe8 21. Kxg2 Nxd6 22. Bxd6 Rfd8 23. Bf4 Rd3 24. Rc1 c3 25. bxc3 f6 26. Be3 Rc8 27. Kf3 Re8 28. h4 Re5 29. Rc2 c4 30. Ke2 a6 31. Kf3 Kf7 32. Kf4 Ra5 33. Rb2 Rb5 34. Rc2 Rb3 35. Bd4 a5 36. a4 h5 37. Ke4 Ke6 38. Re2 Ra3 39. Rb2 Rb3 40. Re2 Rd1 41. Kf4+ Kf7 42. Ke4 Ra1 43. Kd5 Rxa4 44. Kc5 Rb8 45. Kd6 Rd8+ 46. Kc5 Rc8+ 47. Kb5 Ra1 48. Bc5 a4 49. Re7+ Kg6 50. Ra7 Kh7 51. Bb4 Ra2 52. Bc5 Kg6 53. Ra5 a3 54. Kxc4 Rxf2 55. Rxa3 Rf3 56. Ra7 Rxg3 57. Kb4 Rxc5 58. Kxc5 Rxc3+ 59. Kd6 Re3 60. Ra1 Re4 61. Rg1+ Rg4 62. Rh1 Kf5 63. Rf1+ Rf4 0-1

[Event "Holguin Oriental zt"]
[Site "Holguin"]
[Date "2018.11.25"]
[Round "8"]
[White "Borges Matos, Juan R"]
[Black "Mastrapa Gonzalez, Roger Sandro"]
[Result "1-0"]
[WhiteElo "2412"]
[BlackElo "2170"]
[PlyCount "67"]
[EventDate "2018.11.19"]
[EventType "tourn"]
[EventRounds "11"]
[EventCountry "CUB"]
[EventCategory "4"]
[SourceTitle "EXT 2021"]
[Source "ChessBase"]
[SourceDate "2020.10.23"]
[SourceVersion "1"]
[SourceVersionDate "2020.10.23"]
[SourceQuality "1"]

1. c4 c6 2. Nf3 d5 3. d4 e6 4. Qc2 Nf6 5. Bg5 Nbd7 6. e3 Be7 7. Nc3 0-0 8. Rd1 b6 9. Bd3 h6 10. Bh4 Bb7 11. 0-0 Rc8 12. Qe2 c5 13. Bg3 cxd4 14. Nxd4 Nc5 15. Bb1 Ba6 16. Ndb5 Qd7 17. e4 Bxb5 18. Nxb5 Rfe8 19. Nc3 Na4 20. e5 Nxc3 21. bxc3 Nh7 22. cxd5 exd5 23. c4 d4 24. Qe4 Ng5 25. Qd3 g6 26. f4 Ne6 27. f5 Nc5 28. Qxd4 Qxd4+ 29. Rxd4 Bg5 30. fxg6 fxg6 31. Rd6 Be3+ 32. Kh1 Re7 33. Rxg6+ Kh8 34. Bh4 1-0

[Event "Holguin Oriental zt"]
[Site "Holguin"]
[Date "2018.11.24"]
[Round "6"]
[White "Mastrapa Gonzalez, Roger Sandro"]
[Black "Martinez Ramirez, Lennis"]
[Result "0-1"]
[WhiteElo "2170"]
[BlackElo "2405"]
[PlyCount "106"]
[EventDate "2018.11.19"]
[EventType "tourn"]
[EventRounds "11"]
[EventCountry "CUB"]
[EventCategory "4"]
[SourceTitle "EXT 2021"]
[Source "ChessBase"]
[SourceDate "2020.10.23"]
[SourceVersion "1"]
[SourceVersionDate "2020.10.23"]
[SourceQuality "1"]

1. d4 Nf6 2. c4 c5 3. d5 b5 4. cxb5 a6 5. f3 d6 6. e4 g6 7. a4 Bg7 8. Na3 0-0 9. Ne2 e6 10. dxe6 Bxe6 11. Nf4 d5 12. Nxe6 fxe6 13. Be2 Nxe4 14. g3 Qa5+ 15. Kf1 c4 16. Kg2 Nc5 17. Bd2 Qc7 18. Ra2 Nbd7 19. h4 Nf6 20. Bf4 Qe7 21. b6 e5 22. Bg5 Qe6 23. a5 Nb7 24. Qa4 Rac8 25. b4 cxb3 26. Rb2 e4 27. Rxb3 Nc5 28. Qb4 Nxb3 29. Qxb3 Nd7 30. Rc1 Nc5 31. Qb1 Qf7 32. Rf1 Qb7 33. Qb4 d4 34. Nc4 Qd5 35. Ne3 Qd7 36. Nd5 d3 37. Ne7+ Kh8 38. Bd1 e3 39. Nxc8 e2 40. Rh1 exd1Q 41. Rxd1 Rxc8 42. Be3 Nb7 43. Qe4 Rc2+ 44. Kg1 Rc3 45. h5 gxh5 46. Qh4 Qd5 47. Qf4 Rc8 48. Kg2 Nxa5 49. Bd2 Nb7 50. Re1 Nd6 51. Re7 Rf8 52. Rxg7 Rxf4 53. Bc3 Qxf3+ 0-1

[Event "Holguin Oriental zt"]
[Site "Holguin"]
[Date "2018.11.23"]
[Round "5"]
[White "Alvarez Calzadilla, Jose Avelino"]
[Black "Mastrapa Gonzalez, Roger Sandro"]
[Result "1-0"]
[WhiteElo "2286"]
[BlackElo "2170"]
[PlyCount "119"]
[EventDate "2018.11.19"]
[EventType "tourn"]
[EventRounds "11"]
[EventCountry "CUB"]
[EventCategory "4"]
[SourceTitle "EXT 2021"]
[Source "ChessBase"]
[SourceDate "2020.10.23"]
[SourceVersion "1"]
[SourceVersionDate "2020.10.23"]
[SourceQuality "1"]

1. e4 e5 2. Nf3 Nf6 3. Nxe5 d6 4. Nf3 Nxe4 5. d4 d5 6. Bd3 Be7 7. 0-0 Nc6 8. c4 Nb4 9. cxd5 Nxd3 10. Qxd3 Qxd5 11. Re1 Bf5 12. g4 Bg6 13. Nc3 Nxc3 14. Qxc3 Kf8 15. Bf4 Bd6 16. Bxd6+ Qxd6 17. Rac1 c6 18. d5 h5 19. dxc6 bxc6 20. Ne5 Kg8 21. Qxc6 Qxc6 22. Rxc6 Kh7 23. Nxg6 fxg6 24. Re7 Rhe8 25. Rcc7 Rxe7 26. Rxe7 Rb8 27. b3 a5 28. gxh5 gxh5 29. Re5 a4 30. Rxh5+ Kg6 31. Rh3 axb3 32. Rxb3 Rc8 33. Rb6+ Kg5 34. Rb5+ Kg6 35. Kg2 Ra8 36. Rb2 Ra3 37. f3 Kh5 38. Rf2 Kh4 39. f4 g6 40. Kf1 Re3 41. Rg2 Rf3+ 42. Ke2 Rxf4 43. Kd3 Ra4 44. Kc3 Ra8 45. Kb2 Rb8+ 46. Ka1 Kh3 47. Rxg6 Kxh2 48. a3 Kh3 49. Ka2 Kh4 50. a4 Kh3 51. Ka3 Kh4 52. Rg1 Ra8 53. Kb4 Rb8+ 54. Kc5 Ra8 55. Kb5 Rb8+ 56. Kc6 Ra8 57. Ra1 Kg4 58. a5 Kf4 59. a6 Rg8 60. a7 1-0

[Event "Holguin Oriental zt"]
[Site "Holguin"]
[Date "2018.11.21"]
[Round "3"]
[White "Diaz Murgada, Rider"]
[Black "Mastrapa Gonzalez, Roger Sandro"]
[Result "1-0"]
[WhiteElo "2455"]
[BlackElo "2170"]
[PlyCount "105"]
[EventDate "2018.11.19"]
[EventType "tourn"]
[EventRounds "11"]
[EventCountry "CUB"]
[EventCategory "4"]
[SourceTitle "EXT 2021"]
[Source "ChessBase"]
[SourceDate "2020.10.23"]
[SourceVersion "1"]
[SourceVersionDate "2020.10.23"]
[SourceQuality "1"]

1. d4 Nf6 2. c4 e6 3. Nf3 Bb4+ 4. Bd2 Bxd2+ 5. Qxd2 d5 6. g3 0-0 7. Bg2 Qe7 8. 0-0 Rd8 9. Qc2 Nc6 10. Nbd2 dxc4 11. e3 e5 12. Nxe5 Nxe5 13. dxe5 Qxe5 14. Nxc4 Qh5 15. Rfe1 Rb8 16. Qc3 Bh3 17. Qe5 Qxe5 18. Nxe5 Bxg2 19. Kxg2 Rd5 20. Nf3 Ne4 21. b4 Rbd8 22. Rec1 c6 23. Nd4 c5 24. bxc5 Rxc5 25. Rxc5 Nxc5 26. Rc1 b6 27. Kf3 g6 28. Rc4 Kg7 29. Ke2 Rd7 30. g4 Rd5 31. h4 a6 32. f3 Rd6 33. Rc1 Kf6 34. g5+ Ke7 35. f4 Kd7 36. h5 Ne4 37. h6 Rd5 38. Nf3 Rc5 39. Rd1+ Ke7 40. Rd4 Nc3+ 41. Kd2 b5 42. Ne5 Nxa2 43. Rd7+ Ke6 44. Rxf7 b4 45. Rxh7 b3 46. Rb7 Rc2+ 47. Kd3 Nc1+ 48. Ke4 a5 49. h7 Rc8 50. Nxg6 a4 51. h8Q Rxh8 52. Nxh8 a3 53. Nf7 1-0

[Event "Holguin Oriental zt"]
[Site "Holguin"]
[Date "2018.11.20"]
[Round "2"]
[White "Mastrapa Gonzalez, Roger Sandro"]
[Black "Soria Delgado, Kadir"]
[Result "0-1"]
[WhiteElo "2170"]
[BlackElo "2248"]
[PlyCount "110"]
[EventDate "2018.11.19"]
[EventType "tourn"]
[EventRounds "11"]
[EventCountry "CUB"]
[EventCategory "4"]
[SourceTitle "EXT 2021"]
[Source "ChessBase"]
[SourceDate "2020.10.23"]
[SourceVersion "1"]
[SourceVersionDate "2020.10.23"]
[SourceQuality "1"]

1. d4 Nf6 2. c4 g6 3. Nc3 Bg7 4. e4 d6 5. h3 0-0 6. Be3 Nbd7 7. Nf3 e5 8. d5 Nc5 9. Qc2 a5 10. Be2 Ne8 11. g4 f5 12. gxf5 gxf5 13. Rg1 Nxe4 14. Nxe4 fxe4 15. Ng5 Nf6 16. 0-0-0 Qe7 17. Rg3 Kh8 18. Rdg1 Rg8 19. Bg4 Nxg4 20. hxg4 Bh6 21. Nxe4 Bxe3+ 22. fxe3 Bd7 23. Rh1 Rg7 24. Rh6 Rf8 25. Qg2 Be8 26. g5 Bg6 27. Nf6 Rff7 28. Qf3 e4 29. Qf4 c6 30. Rg2 cxd5 31. cxd5 Qd8 32. Rc2 Rc7 33. Rhh2 Rxc2+ 34. Rxc2 Rc7 35. Qh2 Qc8 36. Rxc7 Qxc7+ 37. Qc2 Qxc2+ 38. Kxc2 Kg7 39. Ng4 Bf7 40. Nf6 h5 41. Kd2 Kg6 42. Ke2 Kf5 43. Kf2 Bg6 44. Nd7 Kxg5 45. Nb6 Bf7 46. Nc4 Bxd5 47. Nxd6 Kf6 48. a3 Ke5 49. Nb5 Bc6 50. Nd4 Kd5 51. Kg3 Kc4 52. Kf4 Kd3 53. b4 a4 54. b5 Bd7 55. b6 h4 0-1

[Event "Holguin Province-ch final"]
[Site "Holguin"]
[Date "2018.09.16"]
[Round "10"]
[White "Mastrapa Gonzalez, Roger Sandro"]
[Black "Soria Delgado, Kadir"]
[Result "1/2-1/2"]
[WhiteElo "2149"]
[BlackElo "2244"]
[PlyCount "21"]
[EventDate "2018.09.11"]
[EventType "tourn"]
[EventRounds "10"]
[EventCountry "CUB"]
[SourceTitle "EXT 2021"]
[Source "ChessBase"]
[SourceDate "2020.10.23"]
[SourceVersion "1"]
[SourceVersionDate "2020.10.23"]
[SourceQuality "1"]

1. d4 Nf6 2. Nf3 g6 3. Bf4 Bg7 4. e3 0-0 5. Be2 d6 6. h3 b6 7. 0-0 Bb7 8. Nbd2 Nbd7 9. c3 c5 10. a4 a6 11. Bh2 1/2-1/2

[Event "Holguin Province-ch final"]
[Site "Holguin"]
[Date "2018.09.13"]
[Round "5"]
[White "Soria Delgado, Kadir"]
[Black "Mastrapa Gonzalez, Roger Sandro"]
[Result "1-0"]
[WhiteElo "2244"]
[BlackElo "2149"]
[PlyCount "57"]
[EventDate "2018.09.11"]
[EventType "tourn"]
[EventRounds "10"]
[EventCountry "CUB"]
[SourceTitle "EXT 2021"]
[Source "ChessBase"]
[SourceDate "2020.10.23"]
[SourceVersion "1"]
[SourceVersionDate "2020.10.23"]
[SourceQuality "1"]

1. e4 d5 2. exd5 Qxd5 3. Nc3 Qd6 4. d4 Nf6 5. g3 Bg4 6. Nf3 a6 7. Bg2 Nc6 8. 0-0 0-0-0 9. h3 Bxf3 10. Qxf3 Qxd4 11. Qe2 Qd7 12. Rd1 Qe8 13. Rxd8+ Kxd8 14. b4 e5 15. b5 Nd4 16. Qd3 axb5 17. a4 b4 18. Nb5 c6 19. Nxd4 exd4 20. Qxd4+ Qd7 21. Qb6+ Qc7 22. Qa7 Bd6 23. Be3 Nd7 24. Rd1 Ke7 25. Qd4 f6 26. Qe4+ Kf7 27. Bf1 Nc5 28. Bxc5 Bxc5 29. Qc4+ 1-0

[Event "Holguin Province-ch final"]
[Site "Holguin"]
[Date "2018.09.12"]
[Round "3"]
[White "Romero Arzuaga, Yudel"]
[Black "Mastrapa Gonzalez, Roger Sandro"]
[Result "1/2-1/2"]
[WhiteElo "2192"]
[BlackElo "2149"]
[PlyCount "156"]
[EventDate "2018.09.11"]
[EventType "tourn"]
[EventRounds "10"]
[EventCountry "CUB"]
[SourceTitle "EXT 2021"]
[Source "ChessBase"]
[SourceDate "2020.10.23"]
[SourceVersion "1"]
[SourceVersionDate "2020.10.23"]
[SourceQuality "1"]

1. c4 e6 2. Nf3 Nf6 3. g3 d5 4. Bg2 dxc4 5. 0-0 Nc6 6. Qa4 Qd7 7. Qxc4 a6 8. d4 Bd6 9. Nc3 b5 10. Qd3 Bb7 11. a3 h6 12. b4 0-0 13. Bb2 Rfd8 14. Rfd1 Qe8 15. Qc2 Rac8 16. Rac1 Ba8 17. Bh3 Rb8 18. Bg2 Rbc8 19. Nh4 e5 20. Nxb5 Nxb4 21. Nxd6 cxd6 22. Qf5 Bxg2 23. Nxg2 Nc6 24. dxe5 dxe5 25. Ne3 Nd4 26. Rxc8 Rxc8 27. Bxd4 exd4 28. Rxd4 Rc1+ 29. Kg2 Qa8+ 30. Nd5 Nxd5 31. Qxd5 Qxd5+ 32. Rxd5 Rc4 33. Ra5 Rc6 34. Kf3 Re6 35. e4 Kf8 36. Kf4 g6 37. h4 h5 38. f3 Kg7 39. Ke3 Rb6 40. g4 hxg4 41. fxg4 Rb3+ 42. Kf4 Rb6 43. a4 Rf6+ 44. Ke3 Rb6 45. h5 gxh5 46. Rxh5 Rb3+ 47. Kf4 Rb6 48. Rd5 Rf6+ 49. Ke3 Rg6 50. g5 Rb6 51. Kf4 Rc6 52. Kf5 Kf8 53. Rd8+ Ke7 54. Ra8 Rc5+ 55. e5 Rc6 56. Ra7+ Ke8 57. a5 Kf8 58. Rb7 Rc1 59. Rb6 Rf1+ 60. Ke4 Rg1 61. Rxa6 Rxg5 62. Rb6 Rg1 63. Kd5 Ke7 64. Kc6 Ra1 65. Rb5 Rc1+ 66. Kb7 Kd7 67. a6 Rc7+ 68. Kb6 Rc6+ 69. Ka5 Rc1 70. a7 Kc7 71. Kb4 Rb1+ 72. Kc5 Ra1 73. Rb8 Ra5+ 74. Kd4 Rxa7 75. Rf8 Kc6 76. Ke4 Re7 77. Kf5 Kd7 78. Ra8 Re6 1/2-1/2

[Event "Holguin Province-ch sf"]
[Site "Holguin"]
[Date "2018.09.09"]
[Round "5"]
[White "Bonet Molina, Ariel"]
[Black "Mastrapa Gonzalez, Roger Sandro"]
[Result "1/2-1/2"]
[WhiteElo "2109"]
[BlackElo "2149"]
[PlyCount "28"]
[EventDate "2018.09.07"]
[EventType "swiss"]
[EventRounds "7"]
[EventCountry "CUB"]
[SourceTitle "EXT 2021"]
[Source "ChessBase"]
[SourceDate "2020.10.23"]
[SourceVersion "1"]
[SourceVersionDate "2020.10.23"]
[SourceQuality "1"]

1. Nf3 Nf6 2. g3 d5 3. Bg2 c6 4. 0-0 Bg4 5. d3 Nbd7 6. Nbd2 e5 7. e4 dxe4 8. dxe4 Bc5 9. Qe1 Qc7 10. Nb3 Be7 11. Bd2 0-0 12. Bc3 Bxf3 13. Bxf3 Nc5 14. Qe3 Na4 1/2-1/2

[Event "Holguin Province-ch sf"]
[Site "Holguin"]
[Date "2018.09.08"]
[Round "3"]
[White "Maestre Cespedes, Marlon"]
[Black "Mastrapa Gonzalez, Roger Sandro"]
[Result "1/2-1/2"]
[WhiteElo "2098"]
[BlackElo "2149"]
[PlyCount "103"]
[EventDate "2018.09.07"]
[EventType "swiss"]
[EventRounds "7"]
[EventCountry "CUB"]
[SourceTitle "EXT 2021"]
[Source "ChessBase"]
[SourceDate "2020.10.23"]
[SourceVersion "1"]
[SourceVersionDate "2020.10.23"]
[SourceQuality "1"]

1. c4 c5 2. Nf3 Nc6 3. Nc3 e5 4. d3 g6 5. Bg5 f6 6. Bd2 d6 7. g3 Nge7 8. Bg2 Bg7 9. a3 a5 10. 0-0 0-0 11. Ne1 Be6 12. Nd5 Rb8 13. b4 axb4 14. axb4 Bxd5 15. cxd5 Nxb4 16. Bxb4 cxb4 17. Qb3 f5 18. Ra4 f4 19. Rxb4 Nf5 20. Nc2 Qe7 21. Bh3 h5 22. Bxf5 Rxf5 23. Ne1 Rf7 24. Nf3 Bh6 25. Re4 g5 26. d4 g4 27. Nxe5 dxe5 28. dxe5 Re8 29. Rd1 Rff8 30. gxf4 Bxf4 31. d6+ Qe6 32. Qxe6+ Rxe6 33. Rxf4 Rxf4 34. d7 Rf8 35. d8Q Rxd8 36. Rxd8+ Kf7 37. Rd7+ Kg6 38. Rd6 Kf5 39. Rd7 Rxe5 40. Rxb7 Rxe2 41. Kg2 Re5 42. Kg3 Kg5 43. Rg7+ Kf6 44. Rg8 Kf7 45. Ra8 Rf5 46. Ra3 Kf6 47. Ra6+ Kg5 48. f4+ Rxf4 49. h4+ gxh3 50. Ra5+ Rf5 51. Rxf5+ Kxf5 52. Kxh3 1/2-1/2

[Event "Guantanamo Guaso-A"]
[Site "Guantanamo"]
[Date "2018.04.21"]
[Round "9"]
[White "Charon Mustelier, Manuel"]
[Black "Mastrapa Gonzalez, Roger Sandro"]
[Result "1/2-1/2"]
[WhiteElo "2149"]
[BlackElo "2182"]
[PlyCount "87"]
[EventDate "2018.04.16"]
[EventType "tourn"]
[EventRounds "10"]
[EventCountry "CUB"]
[SourceTitle "EXT 2021"]
[Source "ChessBase"]
[SourceDate "2020.10.23"]
[SourceVersion "1"]
[SourceVersionDate "2020.10.23"]
[SourceQuality "1"]

1. e4 e5 2. Nf3 Nc6 3. Nc3 Nf6 4. d4 exd4 5. Nxd4 Bb4 6. Nxc6 bxc6 7. Bd3 d5 8. exd5 Qe7+ 9. Qe2 Qxe2+ 10. Kxe2 cxd5 11. Nb5 Kd8 12. Rd1 c6 13. Nd4 Bd7 14. Bf5 c5 15. Bxd7 Kxd7 16. Nf5 Rhg8 17. Bg5 Rae8+ 18. Kf1 Re5 19. Bxf6 Rxf5 20. Bh4 Rh5 21. Bg3 Ba5 22. Rd3 Bc7 23. Bxc7 Kxc7 24. Re1 Rd8 25. Re7+ Rd7 26. Rxd7+ Kxd7 27. Ra3 Rxh2 28. Rxa7+ Ke6 29. Rc7 Rh1+ 30. Ke2 c4 31. b3 Rc1 32. Kd2 Rf1 33. Ke3 Re1+ 34. Kf3 Rc1 35. bxc4 d4 36. a4 Rxc2 37. a5 Ra2 38. Rc5 f5 39. Rd5 g5 40. g3 h5 41. Rxd4 Rxa5 42. Rd8 Rc5 43. Rh8 Rxc4 44. Rxh5 1/2-1/2

[Event "Adelquis Remon Memorial-C"]
[Site "Holguin"]
[Date "2017.11.07"]
[Round "10.2"]
[White "Cazulo Ramirez, Jesus David"]
[Black "Mastrapa Gonzalez, Roger Sandro"]
[Result "1-0"]
[WhiteElo "2205"]
[BlackElo "2206"]
[PlyCount "109"]
[EventDate "2017.11.02"]
[EventType "tourn"]
[EventRounds "10"]
[EventCountry "CUB"]
[SourceTitle "EXT 2023"]
[Source "ChessBase"]
[SourceDate "2022.10.05"]
[SourceVersion "1"]
[SourceVersionDate "2022.10.05"]
[SourceQuality "1"]

1. e4 d6 2. d4 Nf6 3. Nc3 g6 4. Bg5 Bg7 5. Qd2 h6 6. Bh4 Nbd7 7. 0-0-0 g5 8. Bg3 Nh5 9. e5 Nxg3 10. hxg3 dxe5 11. dxe5 Bxe5 12. f4 gxf4 13. gxf4 Bg7 14. Rh3 e6 15. Rd3 a6 16. Nf3 0-0 17. Ne5 Bxe5 18. fxe5 Qg5 19. Rxd7 Bxd7 20. Qxg5+ hxg5 21. Rxd7 Rac8 22. Ne4 Rfd8 23. Rxd8+ Rxd8 24. Nxg5 Kf8 25. Bd3 Ke7 26. Be4 b6 27. Bf3 Rd4 28. Nh3 Ra4 29. a3 Ra5 30. Be2 Rxe5 31. Bxa6 Ra5 32. Bb7 f5 33. Nf4 e5 34. Nd5+ Kd7 35. Nb4 c5 36. Nc6 Ra4 37. Nxe5+ Kd6 38. b3 Rh4 39. Nc4+ Kc7 40. Bf3 Rh1+ 41. Kd2 b5 42. Ne3 Ra1 43. Nxf5 Rxa3 44. g4 Ra1 45. Bd1 Ra8 46. Be2 Kb6 47. Nh6 Rd8+ 48. Ke3 Rd5 49. Bf3 Rd6 50. g5 c4 51. bxc4 bxc4 52. Be4 Rd1 53. g6 Rg1 54. Kf4 Rf1+ 55. Kg5 1-0

[Event "Adelquis Remon Memorial-C"]
[Site "Holguin"]
[Date "2017.11.06"]
[Round "9.2"]
[White "Mastrapa Gonzalez, Roger Sandro"]
[Black "Toirac Cuesta, Ramon"]
[Result "0-1"]
[WhiteElo "2206"]
[BlackElo "2216"]
[PlyCount "100"]
[EventDate "2017.11.02"]
[EventType "tourn"]
[EventRounds "10"]
[EventCountry "CUB"]
[SourceTitle "EXT 2023"]
[Source "ChessBase"]
[SourceDate "2022.10.05"]
[SourceVersion "1"]
[SourceVersionDate "2022.10.05"]
[SourceQuality "1"]

1. d4 Nf6 2. c4 d6 3. Nc3 e5 4. d5 Nbd7 5. e4 Be7 6. Bd3 0-0 7. Nge2 c6 8. f3 cxd5 9. cxd5 a6 10. Be3 b5 11. a3 Nc5 12. Bc2 Ne8 13. 0-0 Bg5 14. Bf2 Bb7 15. b4 Nd7 16. a4 bxa4 17. Nxa4 g6 18. Nc1 Rb8 19. Nb3 Ba8 20. Qe2 Rxb4 21. Qxa6 Nc7 22. Qd3 f5 23. Nc3 fxe4 24. fxe4 Bb7 25. Ba7 Rxf1+ 26. Qxf1 Ba6 27. Rxa6 Nxa6 28. Qxa6 Qa8 29. Kh1 Rb7 30. Nb5 Rxb5 31. Qxb5 Qxa7 32. Qe2 Nf6 33. g3 h5 34. h3 Kg7 35. Kg2 Be3 36. Qe1 Qa2 37. Qb1 Qa6 38. Bd3 Qb6 39. Qc2 Qb4 40. Kf3 Bb6 41. Qd1 Qc3 42. Nc1 Nxe4 43. Qc2 Ng5+ 44. Ke2 Qd4 45. Qc6 e4 46. Bb1 Nf3 47. Nb3 Qe3+ 48. Kd1 Qxb3+ 49. Bc2 Qe3 50. Qc3+ Qxc3 0-1

[Event "Moncada Cup"]
[Site "Santiago de Cuba"]
[Date "2017.03.25"]
[Round "6.1"]
[White "Charon Mustelier, Manuel"]
[Black "Mastrapa Gonzalez, Roger Sandro"]
[Result "0-1"]
[WhiteElo "2223"]
[BlackElo "2223"]
[PlyCount "144"]
[EventDate "2017.03.21"]
[EventType "swiss"]
[EventRounds "10"]
[EventCountry "CUB"]
[SourceTitle "EXT 2023"]
[Source "ChessBase"]
[SourceDate "2022.10.05"]
[SourceVersion "1"]
[SourceVersionDate "2022.10.05"]
[SourceQuality "1"]

1. e4 d6 2. d4 Nf6 3. Nc3 g6 4. g3 Bg7 5. Bg2 0-0 6. Nge2 e5 7. 0-0 exd4 8. Nxd4 Nbd7 9. Re1 Re8 10. h3 c6 11. Bf4 Ne5 12. a4 Nh5 13. Bc1 a5 14. Rb1 Nf6 15. b3 Ned7 16. Bb2 Nc5 17. Qd2 Qb6 18. Rbd1 Bd7 19. Ba1 Rad8 20. Re2 Re7 21. Rde1 Rde8 22. Kh2 Qb4 23. Qd1 Qb6 24. Qd2 Bc8 25. Kh1 h5 26. Kh2 h4 27. gxh4 Nh5 28. Nf3 Qc7 29. Kg1 Ne6 30. Rd1 Nef4 31. Ree1 Bxh3 32. Bh1 Qc8 33. Nh2 Be5 34. Ne2 Qc7 35. Bxe5 dxe5 36. Qe3 Rd8 37. Bf3 Nxe2+ 38. Bxe2 Nf4 39. Bg4 Bxg4 40. Nxg4 Kg7 41. Rxd8 Qxd8 42. Nxe5 Rxe5 43. Qxf4 Rh5 44. Re3 Rxh4 45. Qe5+ f6 46. Qc3 Qh8 47. Kf1 Qh5 48. Rf3 Qg5 49. Qd3 Qg4 50. Rg3 Qxe4 51. Qxe4 Rxe4 52. Rd3 b5 53. axb5 cxb5 54. Rd5 Re5 55. Rd7+ Kh6 56. Ra7 b4 57. Rc7 f5 58. c3 bxc3 59. Rxc3 g5 60. Kg2 Kh5 61. Rc4 Rb5 62. Rc3 f4 63. f3 g4 64. fxg4+ Kxg4 65. Kf2 Rd5 66. Kg2 Rd2+ 67. Kf1 Ra2 68. Rc4 Kg3 69. Rc5 Ra1+ 70. Ke2 f3+ 71. Ke3 Re1+ 72. Kd2 f2 0-1

[Event "Moncada Cup"]
[Site "Santiago de Cuba"]
[Date "2017.03.21"]
[Round "1.1"]
[White "Mastrapa Gonzalez, Roger Sandro"]
[Black "Charon Mustelier, Manuel"]
[Result "1-0"]
[WhiteElo "2223"]
[BlackElo "2223"]
[PlyCount "105"]
[EventDate "2017.03.21"]
[EventType "swiss"]
[EventRounds "10"]
[EventCountry "CUB"]
[SourceTitle "EXT 2023"]
[Source "ChessBase"]
[SourceDate "2022.10.05"]
[SourceVersion "1"]
[SourceVersionDate "2022.10.05"]
[SourceQuality "1"]

1. d4 d5 2. c4 e6 3. cxd5 exd5 4. Nc3 c6 5. Nf3 Bf5 6. Bf4 Nd7 7. a3 Ngf6 8. h3 Be7 9. e3 0-0 10. Be2 Ne4 11. Nxe4 Bxe4 12. 0-0 Bf6 13. Nd2 Bf5 14. Rc1 Re8 15. Nb3 Qb6 16. Bd3 Bxd3 17. Qxd3 Re6 18. Rb1 a5 19. Rfc1 Be7 20. Nd2 Qa6 21. Qxa6 Rxa6 22. Rc2 a4 23. Nf3 f6 24. g4 Kf7 25. Bc7 g5 26. Kg2 Ke8 27. h4 h6 28. Rh1 Nf8 29. hxg5 hxg5 30. Nd2 Ng6 31. Rh7 Kf8 32. Bg3 Kg8 33. Rh1 Bd6 34. Nf1 Bxg3 35. Nxg3 Nh4+ 36. Kf1 Re7 37. Ke2 Rb6 38. Kd1 Ra6 39. Nh5 Re6 40. Rh3 Ra8 41. f4 Rae8 42. Rf2 Rxe3 43. Nxf6+ Kf7 44. Rxe3 Rxe3 45. fxg5 Nf3 46. Nd7 Kg7 47. Nc5 b5 48. Ne6+ Kg6 49. Nd8 Nxd4 50. Nxc6 Nf3 51. Rxf3 Rxf3 52. Ne5+ Kxg5 53. Nxf3+ 1-0

[Event "Chessung Gp1"]
[Site "Guantanamo"]
[Date "2017.02.20"]
[Round "7.2"]
[White "Mastrapa Gonzalez, Roger Sandro"]
[Black "Charon Mustelier, Manuel"]
[Result "1-0"]
[WhiteElo "2223"]
[BlackElo "2223"]
[PlyCount "85"]
[EventDate "2017.02.16"]
[EventType "tourn"]
[EventRounds "10"]
[EventCountry "CUB"]
[EventCategory "1"]
[SourceTitle "EXT 2023"]
[Source "ChessBase"]
[SourceDate "2022.10.05"]
[SourceVersion "1"]
[SourceVersionDate "2022.10.05"]
[SourceQuality "1"]

1. d4 Nf6 2. Nf3 d6 3. Nc3 Nbd7 4. Bf4 c5 5. d5 g6 6. e4 Bg7 7. Be2 0-0 8. 0-0 a6 9. a4 Ne8 10. Re1 Rb8 11. Bf1 Ne5 12. Nd2 Nc7 13. a5 Bd7 14. Na4 Bb5 15. c4 Bxa4 16. Rxa4 b6 17. axb6 Rxb6 18. b3 Qb8 19. Bg3 Nd7 20. Qc2 Bd4 21. Kh1 Qb7 22. f4 f6 23. Be2 Rb8 24. Bg4 Nf8 25. h4 Rb4 26. Ra3 Ra8 27. Nf3 Rb8 28. Nxd4 cxd4 29. Rb1 Qb6 30. Be1 Qc5 31. Bxb4 Rxb4 32. Qd3 e5 33. fxe5 dxe5 34. Rba1 Rb8 35. Ra5 Qb4 36. c5 Qxb3 37. Qxb3 Rxb3 38. d6 Nce6 39. c6 Rc3 40. c7 Kf7 41. Rxa6 h5 42. Bh3 d3 43. R6a3 1-0

[Event "Chessung Gp1"]
[Site "Guantanamo"]
[Date "2017.02.19"]
[Round "6.3"]
[White "Fuentes Dominguez, Felix"]
[Black "Mastrapa Gonzalez, Roger Sandro"]
[Result "0-1"]
[WhiteElo "2293"]
[BlackElo "2223"]
[PlyCount "114"]
[EventDate "2017.02.16"]
[EventType "tourn"]
[EventRounds "10"]
[EventCountry "CUB"]
[EventCategory "1"]
[SourceTitle "EXT 2023"]
[Source "ChessBase"]
[SourceDate "2022.10.05"]
[SourceVersion "1"]
[SourceVersionDate "2022.10.05"]
[SourceQuality "1"]

1. e4 e5 2. Nf3 Nc6 3. Bb5 a6 4. Ba4 Nf6 5. d3 b5 6. Bb3 Be7 7. 0-0 d6 8. c3 0-0 9. Re1 Na5 10. Bc2 c5 11. Nbd2 Nc6 12. Nf1 h6 13. Ng3 Re8 14. h3 Be6 15. a3 Qc7 16. b4 a5 17. bxa5 Rxa5 18. Bb2 c4 19. d4 exd4 20. cxd4 d5 21. e5 Nd7 22. Rb1 Rb8 23. Re3 Qa7 24. Qc1 b4 25. axb4 Nxb4 26. Bf5 Na2 27. Qc2 Rab5 28. Ree1 Nf8 29. Ba1 g6 30. Rxb5 Rxb5 31. Bxe6 Nxe6 32. Rd1 Rb3 33. Ne2 Nb4 34. Qc1 Kh7 35. Nc3 Qd7 36. Qd2 Nd3 37. Ne2 Qa7 38. Bc3 Bb4 39. Bxb4 Rxb4 40. Rf1 Rb2 41. Qe3 Ng7 42. Ng3 Ne6 43. Ne2 Qa2 44. Nc1 Nxc1 45. Qxc1 g5 46. Qd1 Nf4 47. Nh2 Ne2+ 48. Kh1 Rd2 49. Qe1 Rxd4 50. Ng4 c3 51. Ne3 Rd2 52. Ng4 d4 53. Nf6+ Kg6 54. Ne4 Rb2 55. Qd1 Qc4 56. Nd6 Qa6 57. Re1 c2 0-1